Civil service and military pensions in India (Record no. 504048)

000 -LEADER
fixed length control field 00496cam a22001457a 4500
008 - FIXED-LENGTH DATA ELEMENTS--GENERAL INFORMATION
fixed length control field 180718b2011 xxu||||| |||| 00| 0 eng d
082 ## - DEWEY DECIMAL CLASSIFICATION NUMBER
Classification number N194 Sa57
100 ## - MAIN ENTRY--PERSONAL NAME
Personal name Sane, Renuka and Shah, Ajay
245 ## - TITLE STATEMENT
Title Civil service and military pensions in India
Statement of responsibility, etc. by Renuka Sane and Ajay Shah
260 ## - PUBLICATION, DISTRIBUTION, ETC.
Place of publication, distribution, etc. New Delhi
Name of publisher, distributor, etc. Natioanl institute of public finance and policy
Date of publication, distribution, etc. 2011
300 ## - PHYSICAL DESCRIPTION
Extent 25p.
440 ## - SERIES STATEMENT/ADDED ENTRY--TITLE
Title Working paper no. 91,2011
650 ## - SUBJECT ADDED ENTRY--TOPICAL TERM
Topical term or geographic name entry element Military pensions - India :
650 ## - SUBJECT ADDED ENTRY--TOPICAL TERM
Topical term or geographic name entry element Civil service - India
Holdings
Withdrawn status Lost status Damaged status Not for loan Permanent Location Current Location Date acquired Full call number Barcode Date last seen Price effective from Koha item type
        Indian Institute of Public Administration Indian Institute of Public Administration 2018-08-04 N194 Sa57 GR20475 2018-08-04 2018-08-04 GR

Powered by Koha